000 00703nam a2200301Ia 4500
005 20260330160914.0
008 008 300114s9999 xx 000 0 eng d
020 _a9780071323529
037 _aEBOOK
040 _aCRL
040 _beng
040 _cCRL
041 _2eng
041 _aeng
084 _qCRL
100 _aSabnavis
_91232273
245 0 _aMacroeconomics Demystified
250 _a1
260 _bMcgraw Hill
260 _c2008
365 _aINR
365 _b25200
650 _aEconomics
856 _uhttps://resolver.vitalsource.com/9780071323529/?brand=mcgrawhillindia.vitalsource.com
942 _cEBOOK
999 _c1844213
_d1844213